| Tag |
First Indicator |
Second Indicator |
Subfields |
| LEADER |
00000cam a2200000 i 4500 |
| 001 |
in00000036936 |
| 005 |
20151007070327.0 |
| 008 |
770504s1961 at a 00010 eng d |
| 035 |
|
|
|a (OCoLC)02940387
|
| 035 |
|
|
|9 AAE3798AM
|
| 040 |
|
|
|a DLM
|c DLM
|d TXA
|d UtOrBLW
|
| 049 |
|
|
|a TXAM
|c [353068]
|
| 090 |
|
|
|a QC780
|b .S93 1961
|
| 092 |
|
|
|a 539
|b B986s, 1961
|
| 100 |
1 |
|
|a Butler, S. T.
|q (Stuart Thomas)
|
| 245 |
1 |
0 |
|a Space and the atom :
|b a course of selected lectures in physics and astronomy /
|c ed. by S. T. Butler [and] H. Messel.
|
| 264 |
|
1 |
|a [Sydney] :
|b [Shakespeare Head Press],
|c [1961]
|
| 300 |
|
|
|a 425 pages :
|b illustrations
|
| 336 |
|
|
|a text
|b txt
|2 rdacontent
|
| 337 |
|
|
|a unmediated
|b n
|2 rdamedia
|
| 338 |
|
|
|a volume
|b nc
|2 rdacarrier
|
| 490 |
0 |
|
|a Sydney. University. Nuclear Research Foundation. Lectures, 4th
|
| 650 |
|
0 |
|a Nuclear physics.
|
| 700 |
1 |
|
|a Messel, H.
|q (Harry),
|d 1922-
|
| 999 |
|
|
|a MARS
|
| 999 |
f |
f |
|s 3b1fa1d2-f8c1-3eca-a1fb-86e340fcde05
|i f2050ade-8852-3ef2-b250-904152f62d8b
|t 0
|
| 952 |
f |
f |
|p ric
|a Texas A&M University
|b Rellis Campus
|c Joint Library Facility
|d Remote Storage
|t 0
|e QC780 .S93 1961
|h Library of Congress classification
|i unmediated -- volume
|m A14800926960
|
| 998 |
f |
f |
|a QC780 .S93 1961
|t 0
|l Remote Storage
|